Datum a čas kvízu

29 Celkem bodů Celkový počet nahraných bodů na tomto kvízu bez doplňovacích otázek.
4. Pořadí na kvízu Konečné umístění týmu na tomto kvízu.

Zaznamenané odpovědi

# Otázka Odpověď Body Výsledky
1. O konfliktu prezidenta Pavla s... D 1
2. Parašutista Nicolas Scarabrin... oko jehly 0
3. Lístek na premiéru tohoto film... Melania 1
4. Tým španělských vědců vedený D... slinivky 0
5. Ve kterém evropském státě nabí... ve Španělsku 0
6. Na obrázku níže můžete vidět d... Drákula a Frankenstein 1
7. Co by to bylo za hororové téma... D 0
8. Ze které (převážně videoherní)... Resident Evil 1
9. Michael Myers, zabiják ze séri... A 1
10. Čím je inspirován česko-americ... D 1